Moderné obalové technológie - jeden z hlavných faktorov ovplyvňujúcich bezpečnosť a kvalitu tovarov

Stručná charakteristika vývojových a v praxi aplikovaných spôsobov balenia z pohľadu zaistenia bezpečnostných parametrov a vývojové trendy automatizácie baliaceho procesu.

Gespeichert in:
Bibliographische Detailangaben
1. Verfasser: Kačeňák, Igor
Format: Buchkapitel
Sprache:Slowakisch
Schlagworte:
Tags: Tag hinzufügen
Keine Tags, Fügen Sie das erste Tag hinzu!

MARC

LEADER 00000naa$a2200000$$$4500
001 0146528
005 20240530103255.0
041 0 |a slo 
044 |a SK 
245 1 0 |a Moderné obalové technológie - jeden z hlavných faktorov ovplyvňujúcich bezpečnosť a kvalitu tovarov  |c Igor Kačeňák 
520 |a Stručná charakteristika vývojových a v praxi aplikovaných spôsobov balenia z pohľadu zaistenia bezpečnostných parametrov a vývojové trendy automatizácie baliaceho procesu. 
610 2 0 |a obaly 
610 2 0 |a balenie 
610 2 0 |a technika obalová 
610 2 0 |a bezpečnosť výrobkov 
610 2 0 |a ochrana tovaru elektronická 
610 2 0 |a automatizácia 
610 2 0 |a kódy čiarové 
100 1 |a Kačeňák, Igor